LEADER 00792nam a2200193 4500 001 000000365791 003 CaOOAMICUS 005 20251216134945.0 008 251216s2013 gw d 000 u ger r 040 $aSeMil$bita 245 00$a3: Iuppiter bis Nasidienus. 264 1$aStuttgart ; Weimar :$bJ. B. Metzler,$c2013. 300 $a1584 col. ;$c22 cm 773 0 $tKleine Pauly.$dStuttgart ; Weimar : J. B. Metzler, 2013.$b[Unveränd. Nachdr. der Ausg. von 1979]$z978-3-476-02515-9$g3$w()365788 850 $aSeMil 852 $aSeMil$W1$xVenegono$y1$m2LL VII 50$j265472$B256600$CSeMilBibl$Z2$F256600 $81 996 $6245$a3: Iuppiter bis Nasidienus$9(OLS)http://semarc/title/457451 996 $6264$aStuttgart ; Weimar :$bJ. B. Metzler$9(OLS)http://semarc/publisher/61988 LEADER 00752nam a2200205 i 4500 001 000000170277 003 CaOOAMICUS 005 20220214141406.0 008 080318n it u000 u ita u 013 $a147685 040 $aSeMil$bita 245 10$aVol. 3. 300 $a328 p. ;$c19 cm 500 $aA piè del front. : Ottavo migliaio. 700 1 $aDe Sanctis, Francesco,$d<1817-1883>.$0(OLS)http://semarc/name/1328 773 0 $aDe Sanctis, Francesco <1817-1883>$tSaggi critici.$dMilano : Fratelli Treves, 1924.$b1. ed. milanese.$kBiblioteca storica$w()19316 850 $aSeMil 852 $aSeMil$W1$xVenegono$y1$m1B I 221$j231618$B121168$CSeMilBibl$Z2$F132551 $81 996 $6245$aVol. 3$9(OLS)http://semarc/title/80712